000 00533nam a2200181Ia 4500
999 _c36895
_d36895
003 OSt
005 20210123103452.0
008 190216s9999||||xx |||||||||||||| ||und||
020 _a9780070660359
040 _coclc
082 _a510
_bMCG/C
100 _aMcGraw Hill
_97653
245 0 _aComplete Mathematics For AIEEE 2008 /
_cMcGraw Hill
260 _bTata Mcgraw Hill Publishing Company Ltd,
_c2008.
_aNew Delhi:
300 _a1200p
650 _aReferences
942 _cREF
_2ddc
_h510
_iMCG/C
_k510
_mMCG/C